|
|
|
|
| LEADER |
00000cam a22000004a 4500 |
| 001 |
musev2_110202 |
| 003 |
MdBmJHUP |
| 005 |
20230905054434.0 |
| 006 |
m o d |
| 007 |
cr||||||||nn|n |
| 008 |
210821s1992 xx o 00 0 eng d |
| 020 |
|
|
|a 9780813220444
|
| 020 |
|
|
|z 9780813207698
|
| 035 |
|
|
|a (OCoLC)1264470950
|
| 040 |
|
|
|a MdBmJHUP
|c MdBmJHUP
|
| 100 |
1 |
|
|a Di Noia, J. A.
|q (Joseph Augustine),
|d 1943-
|
| 245 |
1 |
4 |
|a The diversity of religions :
|b a Christian perspective /
|c J.A. Di Noia.
|
| 264 |
|
1 |
|a :
|b Catholic University of America Press,
|c 1992.
|
| 264 |
|
3 |
|a Baltimore, Md. :
|b Project MUSE,
|c 2023
|
| 264 |
|
4 |
|c ©1992.
|
| 300 |
|
|
|a 1 online resource.
|
| 336 |
|
|
|a text
|b txt
|2 rdacontent
|
| 337 |
|
|
|a computer
|b c
|2 rdamedia
|
| 338 |
|
|
|a online resource
|b cr
|2 rdacarrier
|
| 500 |
|
|
|a Description based upon print version of record.
|
| 505 |
0 |
|
|a Intro -- Contents -- Preface -- One. Christian Doctrines about Other Religions -- Doctrines about Other Religions -- Doctrines in the Christian Community about Other Religions -- Theology of Religions in Historical Perspective -- Christian Theology of Religions and Interreligious Dialogue -- Two. Varieties of Religious Aims -- Current Christian Theology of Religions -- The Soteriocentric Principle -- Beyond Exclusivisim, Inclusivism, and Pluralism -- Religious Aims and Patterns of Life -- Three. The Providential Diversity of Religions
|
| 505 |
0 |
|
|a Developments of Christian Doctrines about Other Religions -- The Particularistic Universality of Salvation -- Religious Truth and Its Sources -- Providential Roles for Other Religions -- Prospective Salvation -- Four. Theology in Dialogue -- A New Conversation -- Religious References and Predications -- Philosophical Theological in Historical Perspective -- Referring to the Triune God -- Expressing the Inexpressible -- Five. Conclusion -- Bibliographical Notes -- Index
|
| 588 |
|
|
|a Description based on print version record.
|
| 650 |
|
7 |
|a Theology
|x Methodology.
|2 fast
|0 (OCoLC)fst01149580
|
| 650 |
|
7 |
|a Religious pluralism.
|2 fast
|0 (OCoLC)fst01094200
|
| 650 |
|
7 |
|a Dialogue
|x Religious aspects
|x Christianity.
|2 fast
|0 (OCoLC)fst00892494
|
| 650 |
|
7 |
|a Christianity and other religions.
|2 fast
|0 (OCoLC)fst00859685
|
| 650 |
|
6 |
|a Dialogue
|x Aspect religieux
|x Christianisme.
|
| 650 |
|
6 |
|a Theologie
|x Methodologie.
|
| 650 |
|
6 |
|a Christianisme
|x Relations.
|
| 650 |
|
0 |
|a Religious pluralism.
|
| 650 |
|
0 |
|a Dialogue
|x Religious aspects
|x Christianity.
|
| 650 |
|
0 |
|a Theology
|x Methodology.
|
| 650 |
|
0 |
|a Christianity and other religions.
|
| 655 |
|
7 |
|a Electronic books.
|2 local
|
| 710 |
2 |
|
|a Project Muse.
|e distributor
|
| 830 |
|
0 |
|a Book collections on Project MUSE.
|
| 856 |
4 |
0 |
|z Texto completo
|u https://projectmuse.uam.elogim.com/book/110202/
|
| 945 |
|
|
|a Project MUSE - Custom Collection
|
| 945 |
|
|
|a Project MUSE - 2023 Annual Backfile - Unpurchased
|